1899 1624 1584 1075 1063 1483 1562 1616 1945 1934 1373 1971 1403 1681 1702 1708 1467 1389 1532 1151 1067 1166 1968 1800 1859 1114 1692 1834 1349 1610 1068 1652 1650 1587 1507 1778 1373 1203 1727 1253 1735 1816 1452 1522 1163 1853 1449 1768 1547 1281 1093 1627 1002 1808 1832 1313 1428 1995 1779 1681 1648 1173 1039 1196 1296 1639 1536 1857 1095 1266 1725 1495 1710 1032 1005 1430 1247 1751 1545 1872 1425 1230 1777 1498 1750 1800 1344 1627 1783 1542 1372 1441 1576 1906 1139 1962 1288 1524 1278 BCNSPRNW ULIB Ver.6.0+V

เปลี่ยนเป็นภาษาไทย

Change to English
 แสดงรายละเอียดบรรณานุกรม
  กลับหน้าหลัก

Brief Record : Get Marc (ISO 2709) : E-mail record : QR code < ปิดหน้าต่าง
LEADER : 00000nam 2200000uu 4500
001    13399124681
003     ULIB
008    151202s2009||||th 000 0 eng d
020    ^a0323053041 (paperback) ^c^56.95
020    ^a9780323053044 (paperback)
060  4 WY18.2^bS273M
100 1  ^aEdD, Dolores F. Saxton RN BSEd MA MPS
245 10 ^aMosby^'s comprehensive review of nursing for nclex-rn&^174; examination, 19e / ^cDolores F. Saxton RN BSEd MA MPS EdD, Judith S. Green RN AA BA MA, Mary Ann Hellmer Saul RNCS AAS BS MS PhD, Patricia M. Nugent RN AAS BS MS EdM EdD, Phyllis K. Pelikan RN AAS BS MA.
250    ^a19th ed.
260    ^a[S.l.] : ^bMosby, ^c2009.
300    ^a880 p. ; ^c28 cm.
520    ^aCelebrating its 60th anniversary, Mosby’s Comprehensive Review of Nursing for the NCLEX-RN&^174; Examination, 19th Edition is now completely reorganized and in full-color for an even better studying experience! Content is divided into units covering the core areas of medical-surgical, pediatric, maternity/women’s health, and mental health nursing. Smaller chapters within the units break down information into smaller, more manageable pieces for a complete review of key content. NCLEX-RN&^174; examination-style questions, including the newest alternate item formats, follow each unit and help you master the content and practice with critical thinking questions seen on the exam. With over 4,100 questions with rationales in the book and on the companion CD-ROM for practice in print and electronic formats, this all-inclusive review is a vital study tool for the NCLEX-RN&^174; exam. A clear, concise outline format presents in-depth content review from all core clinical areas in an easy-to-study design. Detailed rationales for both correct and incorrect answer options ensure effective and efficient test preparation. Three modes - study, quiz, and exam - on the companion CD provide customized practice. Two comprehensive exams coded by clinical area, client needs categories, and nursing process help you evaluate your strengths and weaknesses and guide your study. More alternate item format questions than ever provide additional practice with these important critical thinking questions. Additional illustrations and tables help you visualize and understand essential nursing content. An overview of the latest NCLEX-RN&^174; test plan highlights the latest changes and content additions to better prepare you for the exam. UNIQUE! A “Get Updates&^148; link on the Companion CD provides access to the latest content and software updates.
700 1  ^aMA, Judith S. Green RN AA BA
700 1  ^aPhD, Mary Ann Hellmer Saul RNCS AAS BS MS
700 1  ^aEdD, Patricia M. Nugent RN AAS BS MS EdM
700 1  ^aMA, Phyllis K. Pelikan RN AAS BS
945    ^p0^l0^i027382
999    ^aเกษร โพธิ์สุวรรณ
รายการนี้ยังไม่มีแท็ก
คุณยังไม่ได้ล็อกอิน คุณสามารถมีกิจกรรมร่วมกับเว็บไซต์ได้ แต่ต้องล็อกอินก่อน ::
  ล็อกอิน

รายการสื่อสารสนเทศ

ลำดับที่ ประเภท เลขเรียก/บาร์โค้ด สถานที่ สถานะ
1. Book การพยาบาล
Book การพยาบาล
WY18.2 S273M ฉ.1 
  Barcode: 027382
ห้องสมุดวิทยาเขตสวรรค์ประชารักษ์
►หนังสือทั่วไป
บนชั้น

BibComment


ยังไม่เคยถูกคอมเมนท์

คอมเมนท์ทรัพยากรรายการนี้
  คอมเมนท์: Mosbys comprehen..


 Copyright 2026. Bcnsprnw @Library